000 00498nam a22001817a 4500
005 20260325134613.0
008 260323b xxu||||| |||| 00| 0 eng d
020 _a978 1 041 11597 7
_cRs.1295
040 _aRBU-Library
041 _aEnglish
082 _a327.1
_bT128(P) T.L.
100 _aPuri, Bindu
_91494
245 _aRabindranath Tagore:
_bpeace in an enchanted world
260 _aLondon:
_bRoutledge,
_cc2025
300 _a137p.
650 _aTagore,Rabindranath,-
_91495
942 _cBK
999 _c123459
_d123459